Statistics for 30 Least Powerful Passports

Click here to take the quiz!

General Stats

  • This quiz has been taken 113 times
  • The average score is 19 of 30

Answer Stats

CountryAnswer% Correct
37Iran
87%
30Iraq
87%
24Afghanistan
86%
41North Korea
85%
32Syria
82%
31Somalia
80%
27Pakistan
78%
42Yemen
77%
36Sudan
76%
39Democratic Republic of the Congo
74%
36South Sudan
73%
44Nigeria
68%
38Eritrea
66%
37Libya
66%
43Congo
64%
42Burma
63%
36Ethiopia
63%
42Djibouti
61%
45Laos
61%
40Lebanon
59%
46Central African Republic
57%
37Bangladesh
53%
40Nepal
50%
42Burundi
49%
45Angola
47%
44Cameroon
46%
46Liberia
45%
39Sri Lanka
44%
41Kosovo
34%
45Equatorial Guinea
26%

Score Distribution

Percentile by Number Answered

Percent of People with Each Score

Your Score History

You have not taken this quiz